000 00615nac a22001931u 4500
010 _a 94145486
020 _a0860121798 :
082 _a242.03
_bWAL
090 _c8440
_d8440
100 _aWalsh, Michael J.,
245 1 2 _aA dictionary of devotions /
_cMichael Walsh.
260 _a[England] :
_bBurns & Oates,1993
_c1993.
300 _a366 p.
_c24 cm.
500 _aATTN: L.C. has U.S. ed., See 91-55417
504 _abibliography p.:317-321 and index
511 _acatalogued by: wessam
650 _aDevotional exercises
_x Dictionaries
942 _cBB
_k242.03WAL
999 _c8440
_d8440